| 000 | 00909nmm a2200289 a 4500 | ||
|---|---|---|---|
| 001 | ocm0002146899 | ||
| 003 | TR-IsHL | ||
| 005 | 20201028184125.0 | ||
| 008 | 190507s2018 tu tur | ||
| 007 | cr cn | ||
| 020 | _a9789752429499 | ||
| 035 |
_a2146899 _b(N$T) |
||
| 050 | 0 | 4 |
_aPL248.K37 _bÖ9 2018 |
| 090 | 0 | 4 |
_aPL248.K37 _bÖ9 2018 |
| 100 | 1 | _a Karatay, Mehmet Tuncay | |
| 245 | 1 | 0 |
_aÖyle istiyorum ki seni _h[electronic resource] / _cMehmet Tuncay Karatay ; editör Nedim Taktak |
| 250 | _a1. Baskı | ||
| 260 |
_aİstanbul : _bGirdap Kitap, _c2018 |
||
| 300 | _a120 p. | ||
| 650 | 4 | _aDil ve Edebiyat | |
| 650 | 4 | _aLanguage and Literature | |
| 650 | 0 | _aTürk şiiri | |
| 650 | 0 | _aTurkish poetry | |
| 650 | 7 |
_aPOETRY / Middle Eastern _2bisacsh |
|
| 700 | 1 | _aTaktak, Nedim | |
| 856 | 4 | 0 | _uhttp://search.ebscohost.com/login.aspx?direct=true&scope=site&db=e011xww&AN=2146899 |
| 999 |
_c20857 _d20857 |
||